| 000 | 00804nam a22002297a 4500 | ||
|---|---|---|---|
| 999 |
_c3540 _d3540 |
||
| 003 | AR-CdUCM | ||
| 008 | 190306b ||||| |||| 00| 0 spa d | ||
| 040 |
_aMUNICIPALIDAD PROVINCIAL DEL CUSCO _cBIBLIOTECA MUNICIPAL DEL CUSCO |
||
| 082 |
_a869.56 / _bG77 |
||
| 100 |
_aGranadino Penalillo, Cecilia _911601 |
||
| 245 | _aCon harta vergüenza / | ||
| 260 |
_aLima : _b[Talleres de Edgraf S.C.R.L.], _c1990. |
||
| 300 |
_a53 páginas ; _c20.5 cm. |
||
| 650 |
_aCuentos cusqueños _911602 |
||
| 650 |
_aCuentos - Siglo XX - Perú _911603 |
||
| 650 |
_aNarrativa Peruana _9226 |
||
| 650 |
_aAutoras cusqueñas - Cecilia Granadino _911604 |
||
| 710 |
_aConsejo Nacional de Ciencia y Tecnología _9406 |
||
| 710 |
_aCentro de Difusión Cultural Wasapay _911605 |
||
| 942 |
_2ddc _cLIBROS |
||
| 945 | _alccs | ||